Normal view
MARC view
Entry Término temático
001 - NÚMERO DE CONTROL
- campo de control: 30068
003 - IDENTIFICADOR DEL NÚMERO DE CONTROL
- campo de control: FranzMayer
005 - FECHA Y HORA DE LA ÚLTIMA TRANSACCIÓN
- campo de control: 20251006175214.0
008 - DATOS DE LONGITUD FIJA
- campo de control de longitud fija: 251006|| aca||aabn | a|a d
040 ## - FUENTE DE LA CATALOGACIÓN
- Centro catalogador/agencia de origen: FranzMayer
- Centro/agencia transcriptor: FranzMayer
150 ## - ENCABEZAMIENTO--TÉRMINO DE MATERIA
- Término de materia o nombre geográfico como elemento de entrada: Figura humana en el arte
- Subdivisión cronológica: Obras tempranas hasta 1800
670 ## - FUENTE DE DATOS ENCONTRADOS
- Cita de la fuente: Work cat.: (FranzMayer)11094: Dürer, Albrecht (1471-1528) autor 48, Beschryvinghe van de Albrecht Durer, van de menschelijke proportion /, 1622